Neurociencia y educación: cómo hacer una enseñanza más compatible con la manera como aprende el cerebro
محفوظ في:
| المؤلف الرئيسي: | |
|---|---|
| التنسيق: | كتاب |
| اللغة: | الإسبانية |
| منشور في: |
Valparaíso
Lafken Wangülen
2003
|
| الطبعة: | 1a. ed |
| الموضوعات: | |
| الوسوم: |
إضافة وسم
لا توجد وسوم, كن أول من يضع وسما على هذه التسجيلة!
|
MARC
| LEADER | 00000nam a2200000 a 4500 | ||
|---|---|---|---|
| 001 | UCJ9530 | ||
| 003 | CL-VaPUC | ||
| 008 | 070323e20030000CL |||||||||||||||||spa|d | ||
| 020 | |a 9562990028 | ||
| 082 | 0 | 4 | |a 370.152 |b SAL |2 21 |
| 100 | 0 | |a Salas Silva, Raúl |e author |9 519512 | |
| 245 | 1 | 0 | |a Neurociencia y educación: cómo hacer una enseñanza más compatible con la manera como aprende el cerebro |
| 250 | |a 1a. ed | ||
| 300 | |a 100 p | ||
| 942 | |c BK | ||
| 945 | |d 20070323 00:00:00 |a cmena | ||
| 260 | |a Valparaíso |b Lafken Wangülen |c 2003 | ||
| 650 | 0 | |a Psicología educacional |9 307830 | |
| 650 | 0 | |a Educación básica |9 224933 | |
| 650 | 0 | |a Cognición |9 270347 | |
| 650 | 0 | |a Aprendizaje |9 254827 | |
| 650 | 0 | |a Métodos de enseñanza |9 270413 | |
| 650 | 0 | |a Neuropsicología |9 270837 | |
| 583 | |a last modification |c 20070323 00:00:00 |k Rodrigo Vera | ||
| 999 | |c 324991 |d 324989 | ||
| 952 | |0 0 |1 0 |4 0 |6 370_152000000000000_SAL_2003 |7 0 |8 A |9 405424 |a BIBEDU |b BIBEDU |d 2019-11-22 |i 4326199 |o 370.152 SAL 2003 |p 4326199 |r 2019-11-22 |w 2019-11-22 |y BK |k EDU | ||